书目信息 |
| 题名: |
复印机故障分析与维修
|
|
| 作者: | 金? | |
| 分册: | ||
| 出版信息: | 郑州 河南科学技术出版社 2000.08 |
|
| 页数: | 198页 | |
| 开本: | 32开 | |
| 丛书名: | 办公现代化设备检修丛书 | |
| 单 册: | ||
| 中图分类: | TS951.4 | |
| 科图分类: | ||
| 主题词: | 文化用品--制造工业 , 文化用品 | |
| 电子资源: | ||
| ISBN: | 7-5349-2456-1 | |
| 000 | 00684nam0 2200229 45 | |
| 001 | 0207241078 | |
| 005 | 20020724102945.3 | |
| 010 | @a7-5349-2456-1@d8.50元 | |
| 100 | @a20020724d2000 km y0chiy0120 ea | |
| 101 | 0 | @achi |
| 105 | @a z 000yy | |
| 200 | 1 | @a复印机故障分析与维修@AFu Yin Ji Gu Zhang Fen Xi Yu Wei Xiu@f金保华等编@FJin Bao Hua Deng Bian |
| 210 | @a郑州@c河南科学技术出版社@d2000.08 | |
| 215 | @a198页@d32开 | |
| 225 | @a办公现代化设备检修丛书 | |
| 410 | @12001 @a办公现代化设备检修丛书 | |
| 606 | 0 | @a文化用品@x制造工业 |
| 606 | 0 | @a文化用品 |
| 690 | @aTS951.4@v3 | |
| 701 | 0 | @a金? |
| 801 | @aCN@bPftUser@c20020724 | |
| 905 | @aBZT@b342365-366@dTS951.4@e1@f2 | |
| 复印机故障分析与维修/金保华等编.-郑州:河南科学技术出版社,2000.08 |
| 198页;32开.-(办公现代化设备检修丛书) |
| ISBN 7-5349-2456-1:8.50元 |
| ● |
| 相关链接 |
|
|
|
正题名:复印机故障分析与维修
索取号:TS951.4/1
 
预约/预借
| 序号 | 登录号 | 条形码 | 馆藏地/架位号 | 状态 | 备注 |
| 1 | 342365 | 201396827 | 中心书库中库/ 中库024架B面7列7层15/ [索取号:TS951.4/1] | 在馆 | |
| 2 | 342366 | 201396872 | 中心书库中库/ 中库024架B面7列7层14/ [索取号:TS951.4/1] | 在馆 |